000 00951cam a2200301 a 4500
001 3331438
003 ARRUPE
005 20150129145128.0
008 850201s1986 nju b 001 0 eng
010 _a 85003856
020 _a0893910503
040 _aDLC
_cDLC
_dDLC
050 0 0 _aQA76
_b.W58 1986
082 0 0 _a001.64
_219
100 1 _aWinograd, Terry.
_914782
245 1 0 _aUnderstanding computers and cognition :
_ba new foundation for design /
_cTerry Winograd, Fernando Flores.
260 _aNorwood, N.J. :
_bAblex Pub. Corp.,
_cc1986.
300 _axiv, 207 p. ;
_c24 cm.
440 0 _aLanguage and being
_914783
500 _a"Version of December 21, 1984."
500 _aIncludes index.
504 _aBibliography: p. 181-189.
650 0 _aComputers.
_9244
650 0 _aSystem design.
_914784
700 1 _aFlores, Fernando,
_d1943-
_914304
906 _a7
_bcbc
_corignew
_d1
_eocip
_f19
_gy-gencatlg
942 _2lcc
_cMONOGRAPH
999 _c121937
_d121937